000 00404nmm a2200145Ia 4500
008 251105s9999||||xx |||||||||||||||||und||
041 _aspa
100 _aGrant, Donna
245 0 _aEl beso del demonio
264 _a[Madrid, España] :
_bLa Factoría de Ideas,
_c2014
300 _a0 páginas
650 _aOther narratives
856 _uhttps://public.digitaliapublishing.com/a/70007
942 _cCF
999 _c104946
_d104946